ბათუმის შოთა რუსთაველის სახელმწიფო უნივერსიტეტის ბიბლიოთეკა

Право : (ბიბ.ჩანაწერი № 50889)

000 -LEADER
fixed length control field 00823nam a2200241Ia 4500
001 - CONTROL NUMBER
control field 17844
003 - CONTROL NUMBER IDENTIFIER
control field GE_BSU
005 - DATE AND TIME OF LATEST TRANSACTION
control field 20200226142651.0
008 - FIXED-LENGTH DATA ELEMENTS--GENERAL INFORMATION
fixed length control field 181216s2003ru xx |||||||||||||| ||rus||
020 ## - INTERNATIONAL STANDARD BOOK NUMBER
International Standard Book Number 97852040033453
040 ## - CATALOGING SOURCE
Transcribing agency GE_BSU
041 ## - LANGUAGE CODE
Language code of text/sound track or separate title rus
080 ## - UNIVERSAL DECIMAL CLASSIFICATION NUMBER
Universal Decimal Classification number 81'25+811.111 В-67
100 ## - MAIN ENTRY--PERSONAL NAME
Personal name Волкова,З.Н.
9 (RLIN) 7495
245 ## - TITLE STATEMENT
Title Право :
Remainder of title Учебное пособие по переводу /
Statement of responsibility, etc. З.Н. Волкова ; Ред. Т.П.Зыкова.
264 ## - PRODUCTION, PUBLICATION, DISTRIBUTION, MANUFACTURE, AND COPYRIGHT NOTICE
Place of production, publication, distribution, manufacture Москва :
Name of producer, publisher, distributor, manufacturer Изд-во УРАО,
Date of production, publication, distribution, manufacture, or copyright notice 2003.
300 ## - PHYSICAL DESCRIPTION
Extent 232 стр.:
Dimensions 22 см.
653 ## - INDEX TERM--UNCONTROLLED
keyword Право
653 ## - INDEX TERM--UNCONTROLLED
keyword Учебное пособие по переводу
653 ## - INDEX TERM--UNCONTROLLED
keyword თარგმნის თეორია
700 ## - ADDED ENTRY--PERSONAL NAME
Personal name Зыкова, Т.П.
Relator term რედაქტორი
9 (RLIN) 7496
942 ## - ADDED ENTRY ELEMENTS (KOHA)
Koha item type წიგნი
Source of classification or shelving scheme
ეგზემპლარები
Withdrawn status Lost status Source of classification or shelving scheme Damaged status Not for loan Permanent Location Current Location Shelving location Date acquired Full call number Barcode Date last seen Copy number Price effective from Koha item type
          ბათუმის შოთა რუსთაველის სახელმწიფო უნივერსიტეტის მთავარი ბიბლიოთეკა ბათუმის შოთა რუსთაველის სახელმწიფო უნივერსიტეტის მთავარი ბიბლიოთეკა წიგნსაცავი 2018-12-17 81'25+811.111 В-67 45719 2018-12-17 45719 2018-12-17 წიგნი